Taylor Swift - Devine la chanson sans indices #8 - Statistiques

Statistiques générales
  • Ce quiz a été pris 127 fois
  • Le résultat moyen est 293 sur 442
Statistiques - réponses
Réponse % Correct
I
100%
a
96%
(a
96%
you
96%
You
96%
be
91%
love
89%
me
89%
me,
89%
me)
89%
to
89%
the
87%
The
87%
your
86%
my
84%
on
84%
it,
82%
it
82%
where
82%
of
81%
for
80%
No
80%
all
78%
All
78%
all)
78%
and
78%
And
78%
can
78%
And
78%
And
78%
in
78%
was
78%
were
78%
you're
76%
It's
73%
that
73%
one
72%
Don't
70%
one
70%
if
68%
see
68%
(see
68%
time,
68%
are
67%
like
67%
mine
67%
Now
67%
now
67%
just
65%
heart
63%
night,
63%
night
63%
As
62%
been,
62%
been
62%
'cause
62%
from
62%
never
62%
her
59%
out
59%
sky
59%
you've
59%
fate
57%
hell
57%
Ophelia
57%
(Ophelia)
57%
hands,
56%
alone
54%
sea,
53%
But
51%
team,
51%
tower
51%
dreaming
49%
land,
49%
powers
49%
Saved
49%
saved
49%
up
49%
vibes
49%
come
48%
(come
48%
Right
48%
sat
48%
care
47%
Keep
47%
wanna
47%
you'd
47%
grave
46%
has
46%
hundred
46%
megaphone
46%
only
46%
calling
44%
daughter
44%
heard
44%
'bout
43%
came
43%
eldest
43%
fantasy
43%
lived
43%
because
42%
Late
42%
myself,
42%
sleepless
42%
before
41%
light
41%
legend
39%
nobleman
39%
watch
39%
key
38%
memory
38%
blow
37%
into
37%
longer
37%
loyalty
37%
Pledge
37%
allegiance
35%
honing
35%
inside
35%
match
35%
melancholy
35%
quite
35%
scorpions
35%
stole
34%
full
33%
locked
33%
Locked
33%
possess
33%
swore
33%
bed
32%
cold
32%
drowned
32%
drowning
32%
dug
32%
fire
32%
lit
32%
chain
30%
chain),
30%
crown
30%
crown),
30%
sanity
30%
pyro
29%
might've
28%
purgatory
28%
around
25%
Pulling
24%
vine
24%
vine)
24%
deceived
22%
lingered
20%
wrap
20%
venom
19%
'Tis
14%
Aucun quiz correspondant
Distribution des résultats
% des personnes avec chaque résultat
Percentile par nombre de réponses
Votre historique - résultats
Vous n’avez pas pris ce quiz